Harry Potter Countries Quiz - Statistics

General Stats
  • This quiz has been taken 120 times
    91 since last reset
  • The average score is 9 of 15
Answer Stats
Question Answer % Correct
Where is Beauxbatons located? France
97%
Where did Charlie Weasley study dragons? Romania
94%
Which country is Viktor Krum from? Bulgaria
91%
Which country did Voldemort hide in after his downfall? Albania
88%
Where is Hogwarts located? Scotland
81%
Which country do Shortsnout dragons come from? Sweden
75%
In which country did quidditch not initially become popular due to a preference of flying carpets? Iran
63%
Which country would you find the Quidditch team the Thundelarra Thunderers? Australia
56%
In which country is a wizard growing gravity resistant trees? Nepal
56%
Which country do Kappa’s (water demon) come from? Japan
50%
Which country did basilisks originate from? Greece
47%
In which country would you find the dragon species the Antipodean Opaleye? New Zealand
47%
In which country do some wizards and witches believe the disarming spell originated? Madagascar
44%
Which country did Gilderoy Lockhart claim to save a village there from werewolves? Armenia
38%
Which country got to the 1998 Quidditch World Cup final but lost? Senegal
22%
No matching quizzes found
Score Distribution
Percent of People with Each Score
Percentile by Number Answered
Your Score History
You have not taken this quiz since the last reset